Регионална библиотека "Любен Каравелов" - Русе

БНМА улсын ардын хувцас (Запис номер 398439)

MARC детайли
000 -Лидер
Контролно поле с фиксирана дължина nkm a22 a 4500
003 - Код на организацията, давaща контролен номер
Контролно поле BLK
005 - Дата и час на последна редакция
Контролно поле 20210212160055.0
008 - Елементи от данни с фиксирана дължина
fixed length control field 210212b bu ||||| |||| 00| 0 bu d
040 ## - Източник на каталожния запис
Идентификатор на билиотеката - собственик на записа BLK
041 ## - Код за език
Код за езика на текст/звукозапис или на отделно заглавие Монголски
Код за езика КДБФ Други
080 ## - УДК
Текстов определител УДК Облекло. Носия. Мода. Накит. Вж и 613.4 ; 646 ; 687
УДК код - определител по УДК 391
УДК - код + определител 391
100 ## - Редна дума - Автор
R(LIN) 1299
Автор Ядамсурэн, Y.
Авторска отговорност първи автор
245 ## - Сведения за заглавието
Заглавие БНМА улсын ардын хувцас
Редно поле (дума) Y. Ядамсурэн
246 ## - Различни форми на заглавието
Паралелно заглавие Народный костюм МНР
260 ## - Област на издателските данни
9 (RLIN) 441369
Място на издаване, разпространение и проч. Улаанбаатар
Име на издателя, разпространителя и проч. Улсын хэвлэл
Година на издаване 1967
300 ## - Физическа характеристика
Страници 100 отд. л.
Илюстрации и др. с ил.
Размери/Мащаб 36 см
380 ## - Жанр
Жанр Обществени науки
651 #7 - Допълнително описание по предмет - топоним
9 (RLIN) 179235
Географско понятие Монголия
653 #7 - Ключова дума – ненормативна
9 (RLIN) 191906
Ключова дума национални носии
852 ## - Местоположение
Форматна сигнатура Цб ІІ 27287
Фондова буква Хранилище
999 ## - СИСТЕМНИ КОНТРОЛНИ НОМЕРА
Koha biblionumber 398439
Koha biblioitemnumber 398439
942 ## - АРТИКУЛИ
Вид на библиотечния материал Графични издания
Скрит в OPAC Не
Периодичен библиозапис Да
944 ## - СЪЗДАВАНЕ И РЕДАКЦИЯ на ЗАПИСА
Създаване/Редакция Създаване
Дата на регистрацията/редакция 2021-02-12
Служител, извършил регистрацията/редакцията ВЙ
999 ## - СИСТЕМНИ КОНТРОЛНИ НОМЕРА
Koha biblioitemnumber 398439
999 ## - СИСТЕМНИ КОНТРОЛНИ НОМЕРА
Koha biblioitemnumber 398439
Наличности
Код за отписване Код за изгубен артикул Източник на класификационната схема Код за повреда Коз за рестрикции Код за отдаване Артикулен № Име на библиотеката - собственик Име на библиотеката, в която се намира в момента Статус (Текущо местоположение) Дата на вписване в системата Местоположение - отдел Цена в лева Инвентарен номер Систематично азбучна сигнатура Баркод Цена в евро Служебен тип на артикула
  Не е изгубен Universal Decimal Classification Не е повреден само за читалня ползва се в читалня 812397 Регионална библиотека "Любен Каравелов" Русе Регионална библиотека "Любен Каравелов" Русе Хранилище 2021-02-17 Основен фонд - ползва се само за читалня 9.90 244149 Цб ІІ 27287 120000244149 5.06 Графични издания
Vip Innovations Ltd, Rousse, Bulgaria 2025